Điều chỉnh chính sách thương mại của liên minh Châu Âu trong bối cảnh phát triển mới

Giới thiệu bối cảnh phát triển mới và sự cần thiết điều chỉnh chính sách thương mại của liên minh châu Âu. Những nội dung điều chỉnh chủ yếu: điểu chỉnh chính sách thương mại nội khối của EU, điều chỉnh chính sách thương mại chung EU. Đá...

全面介紹

Đã lưu trong:
書目詳細資料
主要作者: Bùi, Nhật Quang
格式: 圖書
語言:Undetermined
出版: Hà Nội Khoa học xã hội 2008
主題:
標簽: 添加標簽
沒有標簽, 成為第一個標記此記錄!
Thư viện lưu trữ: Trung tâm Học liệu Trường Đại học Cần Thơ
LEADER 01305nam a2200229Ia 4500
001 CTU_165863
008 210402s9999 xx 000 0 und d
020 |c 26000 
082 |a 382.094 
082 |b Qu106 
100 |a Bùi, Nhật Quang 
245 0 |a Điều chỉnh chính sách thương mại của liên minh Châu Âu trong bối cảnh phát triển mới 
245 0 |c Bùi Nhật Quang 
260 |a Hà Nội 
260 |b Khoa học xã hội 
260 |c 2008 
520 |a Giới thiệu bối cảnh phát triển mới và sự cần thiết điều chỉnh chính sách thương mại của liên minh châu Âu. Những nội dung điều chỉnh chủ yếu: điểu chỉnh chính sách thương mại nội khối của EU, điều chỉnh chính sách thương mại chung EU. Đánh giá thành tựu và một số tồn tại về chính sách thương mại của liên minh châu Âu... 
650 |a Economic policy,Chính sách kinh tế,Trade regulation,Những quy định thương mại 
650 |y Europe,Châu Âu 
650 |z Europe,Châu Âu 
904 |i Bích Lam, Trọng Hiếu 
980 |a Trung tâm Học liệu Trường Đại học Cần Thơ